Countries with Wild Walrus - Statistics

General Stats
  • This quiz has been taken 200 times
  • The average score is 5 of 5
Answer Stats
Country % Correct
Canada
99%
United States
99%
Russia
98%
Norway (Svalbard)
92%
Denmark (Greenland)
91%
No matching quizzes found
Score Distribution
Percent of People with Each Score
Percentile by Number Answered
Your Score History
You have not taken this quiz